01510nab a22002417a 4500999001500000003000400015005001700019008004100036040000700077100002900084245010200113260007300215300001500288500004500303505057800348505008900926650003501015650001901050650002001069650002001089773014601109942001301255 c5468d5468OSt20251113133440.0190604e xxu||||| |||| 00| 0 spa d cPJ 92238aOrelle, Jose M. R.13aEl contrato de donación en el Código Civil y Comercial de la Nación /cJosé M. R. Orelle. aCiudad Autónoma de Buenos Aires :bThomson Reuters La Ley, c2025. ap. 127-158 aCita Online: TR LALEY AR/DOC/1083/2025.  aSumario: I. Introducción: perspectiva adoptada para el desarrollo del presente trabajo.— II. Primera parte. Conjunto de factores que inciden en el ejercicio profesional de los actos de donación.— III. Segunda parte. Cómo ha impactado la realidad social de esta clase de actos en las regulaciones jurídicas.— IV. Tercera parte. El contrato de donación hoy en la práctica notarial y registral.— V. Cuarta parte. Rol de los operadores y la conveniencia de generar una estructura preventiva y con mejoras metodológicas.— VI. Quinta parte. Conclusiones.  t¿Te interesa el texto completo? Solicitalo al correo: koha@justierradelfuego.gov.ar 091497aCODIGO CIVIL Y COMERCIAL 094554aDONACION 09888aSUCESIONES 091084aHEREDEROS0 0271493171dCiudad Autónoma de Buenos Aires : Thomson Reuters La Ley, 2014-tRevista anales de legislación argentina. Nº 7 - Julio 2025. 2udccANA